| 000 | 00409nam a2200157Ia 4500 | ||
|---|---|---|---|
| 008 | 230711s9999||||xx |||||||||||||| ||und|| | ||
| 041 | _aENG | ||
| 082 |
_a621.382 _bTR-D |
||
| 100 | _aTrees,Harry L,van | ||
| 245 | 0 | _aDetection estimation and modulation theory part-1 | |
| 250 | _a1st | ||
| 260 |
_c2001 _aNew York _bJohn Wiley & Sons.Inc |
||
| 300 | _a697 | ||
| 650 | _aElectronics Engineering | ||
| 942 | _cBK | ||
| 999 |
_c4992 _d4992 |
||